Border or No Border? Quiz Stats

 Plays Quiz Updated Mar 29, 2018

Challenge
Share
Tweet
Embed
Score 0/26 Timer 04:00
10 Plays Today
Countries Do They Border? % Correct
Colombia and Venezuela???
88.1%
Denmark and Germany???
86.8%
Guyana and Suriname???
84.6%
China and Kyrgyzstan???
82%
Turkey and Italy???
80.5%
North Korea and Russia???
78.8%
Azerbaijan and Georgia???
78.7%
Lesotho and Botswana???
75.8%
Iraq and Israel???
75.2%
Liberia and Côte d’Ivoire???
73.5%
Mexico and Honduras???
73.3%
Djibouti and Somalia???
72.5%
Mauritania and Mali???
71.9%
Countries Do They Border? % Correct
Niger and Nigeria???
71.5%
Indonesia and Timor-Leste???
71.2%
Zambia and Zimbabwe???
69.7%
Russia and Sweden???
68.2%
Haiti and Dominica???
67.3%
Paraguay and Uruguay???
66%
Iran and Saudi Arabia???
64.4%
Brazil and France???
62.8%
Myanmar and Vietnam???
60.6%
Bhutan and Bangladesh???
60.2%
Brazil and Ecuador???
54.6%
Argentina and Peru???
51.1%
Bahrain and Saudi Arabia???
48.1%

You're not logged in!

Compare scores with friends on all Sporcle quizzes.
OR
Log In

You Might Also Like...

Show Comments

Extras

Top Quizzes Today


Score Distribution

Your Account Isn't Verified!

In order to create a playlist on Sporcle, you need to verify the email address you used during registration. Go to your Sporcle Settings to finish the process.

Report this User

Report this user for behavior that violates our Community Guidelines.

Details: